| 000 | 00401nam a22001817a 4500 | ||
|---|---|---|---|
| 003 | CEME | ||
| 005 | 20210628203636.0 | ||
| 008 | 210317b xxu||||| |||| 00| 0 eng d | ||
| 020 | _a0-672-22459-3 | ||
| 040 | _c. | ||
| 082 | _a621.38152 LAN'C | ||
| 100 |
_aLancaster, Dan _966667 |
||
| 245 | _aCmos cookbook | ||
| 250 | _a2ND | ||
| 260 |
_aUSA _bSAMS _c1992 |
||
| 300 | _a512P | ||
| 942 |
_cBK _2ddc |
||
| 999 |
_c574597 _d574597 |
||